Expression écite I = Giáo trình môn diễn đạt viết 1 : S'exprimer dans un environnement familier et quotidien : Cours destiné aux étudiants en francais langue étrangère formation non bilingue = Dùng cho sinh viên chuyên ngành Sư phạm Pháp văn
Giáo trình được biên soạn nhằm giúp sinh viên ngành Sư phạm Pháp văn rèn luyện cách diễn đạt trong văn viết thông qua các bài tập và các bài thực hành
Zapisane w:
| 1. autor: | |
|---|---|
| Format: | Książka |
| Język: | Undetermined |
| Wydane: |
Cần Thơ
Trường Đại học Cần Thơ
2010
|
| Hasła przedmiotowe: | |
| Etykiety: |
Dodaj etykietę
Nie ma etykietki, Dołącz pierwszą etykiete!
|
| Thư viện lưu trữ: | Trung tâm Học liệu Trường Đại học Cần Thơ |
|---|
| LEADER | 01144nam a2200229Ia 4500 | ||
|---|---|---|---|
| 001 | CTU_165476 | ||
| 008 | 210402s9999 xx 000 0 und d | ||
| 020 | |c 21538 | ||
| 082 | |a 448.24 | ||
| 082 | |b Tr106 | ||
| 100 | |a Nguyễn, Thị Kiều Trang | ||
| 245 | 0 | |a Expression écite I = | |
| 245 | 0 | |b Giáo trình môn diễn đạt viết 1 : S'exprimer dans un environnement familier et quotidien : Cours destiné aux étudiants en francais langue étrangère formation non bilingue = Dùng cho sinh viên chuyên ngành Sư phạm Pháp văn | |
| 245 | 0 | |c Nguyễn Thị Kiều Trang | |
| 260 | |a Cần Thơ | ||
| 260 | |b Trường Đại học Cần Thơ | ||
| 260 | |c 2010 | ||
| 520 | |a Giáo trình được biên soạn nhằm giúp sinh viên ngành Sư phạm Pháp văn rèn luyện cách diễn đạt trong văn viết thông qua các bài tập và các bài thực hành | ||
| 650 | |a French language,Tiếng Pháp thực hành | ||
| 650 | |x Reading,Viết | ||
| 904 | |i Bích Vân | ||
| 980 | |a Trung tâm Học liệu Trường Đại học Cần Thơ | ||